Vida y obra del escultor Alberto Sánchez (Record no. 198157)
[ view plain ]
| 000 -LEADER | |
|---|---|
| campo de control de longitud fija | 01460nam a2200385 c 4500 |
| 001 - NÚMERO DE CONTROL | |
| campo de control | 198157 |
| 003 - IDENTIFICADOR DE NÚMERO DE CONTROL | |
| campo de control | SpMaBN |
| 005 - FECHA Y HORA DE LA ÚLTIMA TRANSACCIÓN | |
| campo de control | 20260528174013.0 |
| 008 - DATOS DE LONGITUD FIJA--INFORMACIÓN GENERAL | |
| campo de control de longitud fija | 260309s2022 sp a | |||| 000 0bspa |
| 015 ## - NÚMERO DE BIBLIOGRAFÍA NACIONAL | |
| Número de bibliografía nacional | MON22 |
| 017 ## - NÚMERO DE COPYRIGHT O DE DEPÓSITO LEGAL | |
| Número de copyright o de depósito legal | TO 152-2022 |
| Agencia que asigna | Oficina Depósito Legal Toledo |
| 020 ## - NÚMERO INTERNACIONAL ESTÁNDAR DEL LIBRO | |
| Número Internacional Estándar del Libro | 9788418409691 |
| 035 ## - NÚMERO DE CONTROL DEL SISTEMA | |
| Número de control de sistema | (SpMaBN)a7157205 |
| 040 ## - FUENTE DE CATALOGACIÓN | |
| Centro catalogador/agencia de origen | SpMaBN |
| Lengua de catalogación | spa |
| Centro/agencia transcriptor | SpMaBN |
| Normas de descripción | rda |
| 080 ## - NÚMERO DE LA CLASIFICACIÓN DECIMAL UNIVERSAL | |
| Número de la Clasificación Decimal Universal | 929 Alberto |
| 080 ## - NÚMERO DE LA CLASIFICACIÓN DECIMAL UNIVERSAL | |
| Número de la Clasificación Decimal Universal | 73 Alberto |
| 100 1# - ENTRADA PRINCIPAL--NOMBRE DE PERSONA | |
| Nombre de persona | Cerro del Valle, Ángel del |
| Relación | aut |
| 9 (RLIN) | 242909 |
| 245 10 - MENCIÓN DEL TÍTULO | |
| Título | Vida y obra del escultor Alberto Sánchez |
| Mención de responsabilidad, etc. | Ángel del Cerro del Valle |
| 264 #1 - PRODUCCIÓN, PUBLICACIÓN, DISTRIBUCIÓN, FABRICACIÓN Y COPYRIGHT | |
| Producción, publicación, distribución, fabricación y copyright | Las Ventas con Peña Aguilera (Toledo) |
| Nombre del de productor, editor, distribuidor, fabricante | Editorial Ledesma, JMR, |
| Fecha de producción, publicación, distribución, fabricación o copyright | [2022] |
| 300 ## - DESCRIPCIÓN FÍSICA | |
| Extensión | 208 páginas |
| Otras características físicas | ilustraciones (blanco y negro y color) |
| Dimensiones | 21 cm |
| 336 ## - TIPO DE CONTENIDO | |
| Término de tipo de contenido | Texto |
| -- | Imagen fija |
| Fuente | rdacontent |
| 337 ## - TIPO DE MEDIO | |
| Nombre/término del tipo de medio | sin mediación |
| Fuente | rdamedia |
| 338 ## - TIPO DE SOPORTE | |
| Nombre/término del tipo de soporte | volumen |
| Fuente | rdacarrier |
| 500 ## - NOTA GENERAL | |
| Nota general | Registro provisional. A-16092 Depósito 1 |
| 504 ## - NOTA DE BIBLIOGRAFÍA, ETC. | |
| Nota de bibliografía, etc. | Bibliografía: páginas 181-185 |
| 600 07 - PUNTO DE ACCESO ADICIONAL DE MATERIA--NOMBRE DE PERSONA | |
| Nombre de persona | Alberto |
| Fechas asociadas al nombre | 1895-1962 |
| 9 (RLIN) | 242910 |
| 655 #7 - TERMINO DE INDIZACIÓN--GENERO/FORMA | |
| Datos o término principal de género/forma | Biografías |
| 9 (RLIN) | 176647 |
| 852 ## - LOCALIZACIÓN | |
| Ubicación | ES-MaACL |
| Ubicación en estantería | Depósito 1 |
| Número de control de estantería | A-16092 |
| Anotaciones manuscritas | Dedicatoria autógrafa del autor |
| Donativo/Legado | Donación: Ángel del Cerro |
| Encuadernación | Encuadernación rustica con solapas |
| Nota libre | En proceso |
| 901 ## - NOMBRE PERSONAL DE POSESOR | |
| a | "ISBN" |
| 942 ## - ELEMENTOS DE ENTRADA SECUNDARIOS (KOHA) | |
| Fuente del sistema de clasificación o colocación | Clasificación decimal universal |
| Tipo de ítem Koha | Libro impreso |
| Suprimir en OPAC | No |
| 956 ## - LOCALIZACIÓN Y ACCESO ELECTRÓNICOS LOCAL (OCLC) | |
| Nombre del host | 2 |
No items available.
